000 01032nam0a22002771 4500
001 rc\3184826
005 20120628145930.3
021 _aRU
_bП735-75
035 _a(NLR Aleph) 007336480
090 _a6063874
_c6063874
100 _a20120628d1975 |||y0rusy50 ca
101 0 _arus
102 _aRU
105 _ay z |||||
200 1 _aПути совершенствования подготовки торговых кадров
_fМ-во торг. СССР. ЦНИИ науч., техн. и экон. информации в торговле и обществ. питании
210 _aМосква
_cБ. и.
_d1975
215 _a49 с.
_d20
225 1 _aОбзорная информация
_iСерия: Торговля
_vВып. 4
300 _aАвт. указаны на 3-й с.
700 1 _aМордасова
_bЛ. А.
_gЛидия Андриановна
701 1 _aИльина
_bН. Я.
801 0 _aRU
_bNLR
_gpsbo
801 1 _aRU
_bELAR
_2rusmarc
852 _aNLR
_jП22/3526
942 _cBOOK
980 _aNB